University Home | Library Home | Institutional Repository

"Private enterprise publishing in Africa : (Record no. 153064)

MARC details
000 -LEADER
fixed length control field 00635cam7a220021700 4500
001 - CONTROL NUMBER
control field zam00003791
008 - FIXED-LENGTH DATA ELEMENTS--GENERAL INFORMATION
fixed length control field 951128s1991 xx eng u
035 ## - SYSTEM CONTROL NUMBER
System control number (Sirsi) r88043
035 ## - SYSTEM CONTROL NUMBER
System control number (MACHINE)SLC.
100 ## - MAIN ENTRY--PERSONAL NAME
Personal name Gedin, P. I.
Linkage A47616.1
245 10 - TITLE STATEMENT
Title "Private enterprise publishing in Africa :
Remainder of title why and how it.
260 ## - PUBLICATION, DISTRIBUTION, ETC.
Date of publication, distribution, etc. 1991.
591 ## -
-- Class code: LS 417.
591 ## -
-- Course: Bibliography and lib. Sou. of Sah..
591 ## -
-- School: S03.
591 ## -
-- Lecturer: Dr. Kangulu, C.M.
591 ## -
-- Number of Students: 20.
949 ## - LOCAL PROCESSING INFORMATION (OCLC)
a GED1-PRI
w lcc
m MAIN
t BOOK
l ON-SHELF
909 ## -
-- Reprint

No items available.

© 2026 - The University of Zambia Library - Koha v25.11